| 000 | 01529cam a22003614a 4500 | ||
|---|---|---|---|
| 001 | 15374855 | ||
| 005 | 20090129081746.0 | ||
| 008 | 080721s2008 enk b 001 0 eng d | ||
| 010 | _a 2008298242 | ||
| 020 | _a0745325610 | ||
| 020 | _a9780745325613 | ||
| 035 | _a(OCoLC)ocn182039453 | ||
| 040 |
_aYDXCP _cYDXCP _dBAKER _dBWK _dBTCTA _dINU _dDLC |
||
| 042 | _alccopycat | ||
| 050 | 0 | 0 |
_aHB501.M5 _bS44 2008 |
| 082 |
_222 _bSHA _a331 |
||
| 100 | 1 |
_aShapiro, Stephen, _d1964- _923828 |
|
| 245 | 1 | 0 |
_aHow to Read Marx's Capital / _cStephen Shapiro. |
| 246 | 1 | 0 | _aMarx's Capital |
| 260 |
_aLondon ; _aAnn Arbor : _bPluto, 2008 _c2008. |
||
| 300 |
_ax, 182 p. ; _c19 cm. |
||
| 490 |
_923827 _aHow to Read Theory |
||
| 504 | _aIncludes bibliographical references (p. 174-175) and index. | ||
| 600 | 1 | 0 |
_aMarx, Karl, _d1818-1883. _tKapital. _923829 |
| 650 | 0 |
_aMarxian economics. _923830 |
|
| 653 |
_bPol _cMay2011 |
||
| 856 | 4 | 2 |
_3Publisher description _uhttp://www.loc.gov/catdir/enhancements/fy0837/2008298242-d.html |
| 856 | 4 | 2 |
_3Contributor biographical information _uhttp://www.loc.gov/catdir/enhancements/fy0904/2008298242-b.html |
| 856 | 4 | 1 |
_3Table of contents only _uhttp://www.loc.gov/catdir/enhancements/fy0904/2008298242-t.html |
| 942 |
_2ddc _cBB |
||
| 999 |
_c15282 _d15282 |
||